[Event "DVM U12 2012"]
[Site "Verden/Aller GER"]
[Date "2012.12.30"]
[Round "7"]
[White "Schramm, Moritz"]
[Black "Gomolinsky, Phil"]
[Result "1/2-1/2"]
[Termination "normal"]
[Board "6.2"]
[WhiteElo "1441"]
[BlackElo "1328"]
[WhiteTeam "SG Blau-Weiß Stadtilm"]
[BlackTeam "SC Porta Westfalica Holtrup 1950"]
[WhiteFideId "12923508"]
[BlackFideId "16200730"]
[EventCountry "GER"]
[EventRounds "7"]
[EventType "team-swiss"]
[EventDate "2012.12.26"]

1. e4 c5 2. Nf3 Nc6 3. d3 g6 4. g3 Bg7 5. Bg2 d6 6. O-O e5 7. c3 Nge7 8. Be3
Bg4 9. h3 Bxf3 10. Qxf3 O-O 11. Qe2 Qd7 12. Nd2 Kh8 13. Nf3 f5 14. Qd2 Rad8 15.
Qc2 f4 16. Bd2 Rf7 17. Rad1 Qc7 18. b4 Rdf8 19. Qb3 Nc8 20. Ng5 f3 21. Nxf7+
Rxf7 22. Bh1 Qd7 23. a3 Rf8 24. Kh2 h6 25. Be3 b6 26. Rg1 N8e7 27. bxc5 dxc5
28. Rd2 Nd8 29. Qd1 Nec6 30. Bxf3 h5 31. Bg2 Bf6 32. Rf1 a5 33. Qxh5+ Qh7 34.
Qxh7+ Kxh7 35. Rb1 Ne6 36. Bf3 1/2-1/2

[Event "DVM U12 2012"]
[Site "Verden/Aller GER"]
[Date "2012.12.30"]
[Round "7"]
[White "Götz, Michael"]
[Black "Adler, Jakob"]
[Result "0-1"]
[Termination "normal"]
[Board "6.3"]
[WhiteElo "1353"]
[BlackElo "1176"]
[WhiteTeam "SC Porta Westfalica Holtrup 1950"]
[BlackTeam "SG Blau-Weiß Stadtilm"]
[WhiteFideId "16200756"]
[EventCountry "GER"]
[EventRounds "7"]
[EventType "team-swiss"]
[EventDate "2012.12.26"]

1. e4 c5 2. d4 cxd4 3. c3 Nf6 4. e5 Nd5 5. cxd4 e6 6. Nc3 Nxc3 7. bxc3 b6 8.
Nf3 Bb7 9. Bd3 Qc7 10. Bd2 d5 11. O-O Nc6 12. Rc1 Na5 13. Qa4+ Nc6 14. Bb5 a6
15. Bd3 b5 16. Qc2 Na5 17. Rfd1 h5 18. h3 O-O-O 19. Bg5 Be7 20. Bf4 Rdg8 21.
Ng5 Bxg5 22. Bxg5 Rf8 23. Re1 Qc6 24. Be7 Re8 25. Bd6 Nc4 26. Bxc4 dxc4 27. Re3
Qxg2# 0-1

[Event "DVM U12 2012"]
[Site "Verden/Aller GER"]
[Date "2012.12.30"]
[Round "7"]
[White "Bock, Alexander"]
[Black "Liebelt, Jonas"]
[Result "1-0"]
[Termination "normal"]
[Board "6.4"]
[WhiteElo "1012"]
[BlackElo "1190"]
[WhiteTeam "SG Blau-Weiß Stadtilm"]
[BlackTeam "SC Porta Westfalica Holtrup 1950"]
[BlackFideId "16200748"]
[EventCountry "GER"]
[EventRounds "7"]
[EventType "team-swiss"]
[EventDate "2012.12.26"]

1. e4 c5 2. d3 Nc6 3. g3 g6 4. Bg2 Bg7 5. Nf3 Nf6 6. O-O O-O 7. c3 d6 8. Qc2 e5
9. Be3 Bg4 10. Nbd2 Qd7 11. Rfd1 Kh8 12. Re1 Ng8 13. Kh1 Bxf3 14. Nxf3 Nge7 15.
c4 f5 16. Bh3 Qc7 17. Ng5 Qb6 18. Ne6 Rf6 19. Nxg7 Kxg7 20. Bg5 Rf7 21. f4 Nd4
22. Qg2 h6 23. Bh4 Kh7 24. Rf1 Rg7 25. Bf6 Rf7 26. fxe5 g5 27. Bxe7 Rxe7 28.
exf5 dxe5 29. f6 Rf7 30. Qe4+ Kg8 31. Qg6+ Kf8 32. Qxh6+ Ke8 33. Qh8+ Rf8 34.
f7+ Ke7 35. Qxe5+ Ne6 36. Rae1 Qc6+ 37. Kg1 Rxf7 38. Qxe6+ Qxe6 39. Rxe6+ Kf8
40. Rh6 Rxf1+ 41. Kxf1 Kg7 42. Re6 Rd8 43. Ke2 Rh8 44. Bg2 Rxh2 45. Kf2 Kf7 46.
Re5 Kf6 47. Rxc5 b6 48. Rc7 Rh8 49. d4 Rf8 50. Ke3 Re8+ 51. Be4 Ke6 52. d5+ Kd6
53. Rc6+ Kd7 54. Re6 Rh8 55. Bf5 Kd8 56. d6 Rh2 57. d7 Rxb2 58. Re8+ Kc7 59.
d8=Q+ Kc6 60. Qd5+ Kc7 61. Rc8# 1-0

[Event "DVM U12 2012"]
[Site "Verden/Aller GER"]
[Date "2012.12.30"]
[Round "7"]
[White "Schnabel, Bennett"]
[Black "Kölz, Niklas"]
[Result "1/2-1/2"]
[Termination "normal"]
[Board "7.1"]
[WhiteElo "1708"]
[BlackElo "1606"]
[WhiteTeam "SG Grün-Weiß Baumschulenweg"]
[BlackTeam "Märkischer Springer Halver-Schalksmühle"]
[WhiteFideId "12943290"]
[BlackFideId "12971758"]
[EventCountry "GER"]
[EventRounds "7"]
[EventType "team-swiss"]
[EventDate "2012.12.26"]

1. d4 f5 2. c4 Nf6 3. Nc3 e6 4. e3 c6 5. Nf3 d5 6. Bd3 Bd6 7. O-O O-O 8. Qc2
Ne4 9. Ne5 Nd7 10. f4 Rf6 11. b3 Rh6 12. Rf3 Qh4 13. h3 Qe1+ 14. Rf1 Qh4 15.
Bxe4 fxe4 16. Qf2 Qxf2+ 17. Rxf2 Nxe5 18. fxe5 Be7 19. a4 Bd7 20. Ba3 Bg5 21.
Re2 Be8 22. Rf1 Bh4 23. g4 Bf7 24. Kg2 Rd8 25. Ref2 Rd7 1/2-1/2

[Event "DVM U12 2012"]
[Site "Verden/Aller GER"]
[Date "2012.12.30"]
[Round "7"]
[White "Sailer, Tom"]
[Black "Hesse, Henrik"]
[Result "0-1"]
[Termination "normal"]
[Board "7.2"]
[WhiteElo "883"]
[BlackElo "1511"]
[WhiteTeam "Märkischer Springer Halver-Schalksmühle"]
[BlackTeam "SG Grün-Weiß Baumschulenweg"]
[WhiteFideId "16200675"]
[BlackFideId "12952060"]
[EventCountry "GER"]
[EventRounds "7"]
[EventType "team-swiss"]
[EventDate "2012.12.26"]

1. d4 d5 2. f4 e6 3. Nf3 c5 4. c3 Nc6 5. e3 Nf6 6. Be2 Be7 7. Ne5 Qc7 8. O-O a6
9. Nd2 b5 10. b3 b4 11. c4 cxd4 12. Nxc6 Qxc6 13. exd4 Bb7 14. c5 Rd8 15. Bb2
Nd7 16. Bf3 a5 17. a3 Bf6 18. a4 O-O 19. Rf2 Qa6 20. Be2 Qa8 21. Bf3 Nxc5 22.
dxc5 Bxb2 23. Qb1 Bd4 24. Qe1 Bxc5 25. Rc1 Bxf2+ 26. Qxf2 Rc8 27. Rxc8 Rxc8 28.
Qb6 Qa6 29. Qxa6 Bxa6 30. Kf2 Rc3 31. g4 Bd3 32. h4 Bc2 33. f5 Bxb3 34. Nxb3
Rxb3 35. g5 Rxf3+ 0-1

[Event "DVM U12 2012"]
[Site "Verden/Aller GER"]
[Date "2012.12.30"]
[Round "7"]
[White "Petersen, Marcel"]
[Black "Browning, Alex"]
[Result "1-0"]
[Termination "normal"]
[Board "7.3"]
[WhiteElo "1582"]
[BlackElo "1054"]
[WhiteTeam "SG Grün-Weiß Baumschulenweg"]
[BlackTeam "Märkischer Springer Halver-Schalksmühle"]
[WhiteFideId "12935670"]
[BlackFideId "12984019"]
[EventCountry "GER"]
[EventRounds "7"]
[EventType "team-swiss"]
[EventDate "2012.12.26"]

1. e4 d5 2. exd5 Qxd5 3. Nc3 Qd6 4. d4 Nf6 5. Nf3 a6 6. g3 Bg4 7. Bg2 e6 8. O-O
Be7 9. Bf4 Qd8 10. Qd2 O-O 11. Ne5 c6 12. Ne4 Nbd7 13. Nxf6+ Bxf6 14. Nxg4 Be7
15. c4 f5 16. Ne5 Bf6 17. Rad1 Nb6 18. b3 Qe8 19. Qb4 Bd8 20. c5 Nd5 21. Bxd5
cxd5 22. Qxb7 Bf6 23. Nd7 Rf7 24. c6 h6 25. Bb8 Rxb8 26. Qxb8 Bd8 27. c7 Rxd7
28. c8=Q Kh7 29. Qc6 Qf7 30. Rfe1 1-0

[Event "DVM U12 2012"]
[Site "Verden/Aller GER"]
[Date "2012.12.30"]
[Round "7"]
[White "Hardt, Silas"]
[Black "Hüls, Maximilian"]
[Result "0-1"]
[Termination "normal"]
[Board "7.4"]
[WhiteElo "1087"]
[BlackElo "1482"]
[WhiteTeam "Märkischer Springer Halver-Schalksmühle"]
[BlackTeam "SG Grün-Weiß Baumschulenweg"]
[WhiteFideId "16200667"]
[BlackFideId "12949698"]
[EventCountry "GER"]
[EventRounds "7"]
[EventType "team-swiss"]
[EventDate "2012.12.26"]

1. e4 c5 2. Nf3 Nc6 3. d4 cxd4 4. Nxd4 Nf6 5. Nc3 e5 6. Nxc6 bxc6 7. Bg5 Bb4 8.
Qf3 h6 9. Bd2 d5 10. O-O-O d4 11. Ne2 Bxd2+ 12. Rxd2 O-O 13. g3 Bg4 14. Qg2 Rb8
15. Rd3 Qb6 {Sa4? Notation unvollständig} 0-1

[Event "DVM U12 2012"]
[Site "Verden/Aller GER"]
[Date "2012.12.30"]
[Round "7"]
[White "Eurich, Alexander"]
[Black "Zimmer, Luca"]
[Result "1/2-1/2"]
[Termination "normal"]
[Board "8.1"]
[WhiteElo "1120"]
[BlackElo "1124"]
[WhiteTeam "SF Biberach"]
[BlackTeam "Turm Wadern"]
[WhiteFideId "12953121"]
[BlackFideId "12921424"]
[EventCountry "GER"]
[EventRounds "7"]
[EventType "team-swiss"]
[EventDate "2012.12.26"]

1. e4 e6 2. c4 Nf6 3. Nc3 Be7 4. Nf3 Nc6 5. Be2 O-O 6. O-O b6 7. a3 a5 8. d3
Bb7 9. Re1 Bc5 10. h3 Ne7 11. Bg5 Ng6 12. Qd2 Be7 13. Bf1 d5 14. cxd5 exd5 15.
e5 Nd7 16. d4 Bxg5 17. Nxg5 Re8 18. Nf3 c5 19. Bb5 cxd4 20. Qxd4 Rc8 21. Bxd7
Qxd7 22. Qxb6 1/2-1/2

[Event "DVM U12 2012"]
[Site "Verden/Aller GER"]
[Date "2012.12.30"]
[Round "7"]
[White "Schumacher, Aaron"]
[Black "Fischer, Patrick"]
[Result "0-1"]
[Termination "normal"]
[Board "8.2"]
[WhiteElo "1123"]
[BlackElo "1278"]
[WhiteTeam "Turm Wadern"]
[BlackTeam "SF Biberach"]
[WhiteFideId "12952184"]
[BlackFideId "12953075"]
[EventCountry "GER"]
[EventRounds "7"]
[EventType "team-swiss"]
[EventDate "2012.12.26"]

1. e4 d5 2. e5 d4 3. Nf3 f6 4. c3 Nc6 5. Bb5 dxc3 6. Bxc6+ bxc6 7. Nxc3 e6 8.
d4 c5 9. Bf4 Bb7 10. dxc5 Qxd1+ 11. Rxd1 Bxc5 12. Rd3 g5 13. Be3 Bb6 14. exf6
Nxf6 15. Bxg5 Nd5 16. Nxd5 exd5 17. Be3 O-O-O 18. Ne5 Rhe8 19. Ng4 d4 20. O-O
Ba6 21. Rxd4 Bxd4 22. Re1 Bxe3 23. Nxe3 Rd2 24. Rc1 Rxb2 25. Nd5 Kb8 26. Nxc7
Rc8 27. Nxa6+ Kb7 28. Nc5+ Rxc5 29. Re1 Rxa2 30. h4 a5 31. Re7+ Rc7 32. Re5 Kb6
33. Re6+ Kb5 34. Kh2 Ra3 35. f4 Rc5 36. Re7 h5 37. Rb7+ Kc4 38. Rf7 Rd3 39. f5
a4 40. f6 Rdd5 41. Ra7 Kb4 42. f7 Rb5 43. Re7 Rd8 0-1

[Event "DVM U12 2012"]
[Site "Verden/Aller GER"]
[Date "2012.12.30"]
[Round "7"]
[White "Triantafillidis, Simeon"]
[Black "Schumacher, Simon"]
[Result "1-0"]
[Termination "normal"]
[Board "8.3"]
[WhiteElo "1382"]
[BlackElo "1142"]
[WhiteTeam "SF Biberach"]
[BlackTeam "Turm Wadern"]
[WhiteFideId "12953113"]
[BlackFideId "12957518"]
[EventCountry "GER"]
[EventRounds "7"]
[EventType "team-swiss"]
[EventDate "2012.12.26"]

1. e4 d5 2. exd5 Qxd5 3. Nc3 Qa5 4. Nf3 Nf6 5. Bc4 Bf5 6. d4 c6 7. O-O e6 8.
Bd2 Qb6 9. Rb1 Nbd7 10. Re1 O-O-O 11. a3 Bd6 12. Nh4 Qxd4 13. Nxf5 exf5 14. Be3
Qxc4 15. Qxd6 Nb6 16. Qe5 Qg4 17. Qa5 f4 18. f3 Qg5 19. Qxg5 1-0

[Event "DVM U12 2012"]
[Site "Verden/Aller GER"]
[Date "2012.12.30"]
[Round "7"]
[White "Kurz, Annika"]
[Black "Melzig, Leon"]
[Result "1/2-1/2"]
[Termination "normal"]
[Board "8.4"]
[WhiteElo "963"]
[BlackElo "1072"]
[WhiteTeam "Turm Wadern"]
[BlackTeam "SF Biberach"]
[BlackFideId "12953148"]
[EventCountry "GER"]
[EventRounds "7"]
[EventType "team-swiss"]
[EventDate "2012.12.26"]

1. e4 e5 2. Nf3 Nc6 3. d4 Nf6 4. dxe5 Nxe4 5. Bc4 Qe7 6. Bf4 Qc5 7. O-O Qxc4 8.
b3 Qe6 9. Re1 Nc5 10. Nc3 Qf5 11. Nd5 Ne6 12. Qd2 Be7 13. Rad1 O-O 14. Bg3 d6
15. Nxe7+ Nxe7 16. exd6 Nc6 17. d7 Bxd7 18. Qxd7 Qxc2 19. Rd2 Qc5 20. Red1 Rac8
21. Qd3 1/2-1/2

[Event "DVM U12 2012"]
[Site "Verden/Aller GER"]
[Date "2012.12.30"]
[Round "7"]
[White "Poetsch, Leonore"]
[Black "Burg, Niclas"]
[Result "0-1"]
[Termination "normal"]
[Board "9.1"]
[WhiteElo "1385"]
[BlackElo "1688"]
[WhiteTeam "Sfr. Schöneck"]
[BlackTeam "SV Worms 1878"]
[WhiteFideId "12940372"]
[BlackFideId "1271968"]
[EventCountry "GER"]
[EventRounds "7"]
[EventType "team-swiss"]
[EventDate "2012.12.26"]

1. e4 c5 2. Nf3 Nc6 3. c3 d5 4. e5 Bf5 5. d4 e6 6. Bd3 Bxd3 7. Qxd3 Qb6 8. O-O
cxd4 9. cxd4 Nge7 10. Nc3 Nf5 11. Ne2 Rc8 12. a3 Be7 13. Bd2 O-O 14. Bc3 Na5
15. Bxa5 Qxa5 16. Rfc1 b5 17. Rc2 Rc4 18. b3 Rxc2 19. Qxc2 Qa6 20. a4 Rc8 21.
Qb2 b4 22. Rc1 Rxc1+ 23. Nxc1 Qc6 24. Ne2 f6 25. Qd2 a5 26. h3 Bd8 27. Qd3 Bb6
28. Nd2 Qc7 29. f4 fxe5 30. fxe5 Qxe5 31. Nf3 Qf6 32. Kh1 Bc7 33. Qa6 Qe7 34.
Qc8+ Kf7 35. Ne5+ Bxe5 36. dxe5 Qh4 37. Qc7+ Kg6 38. Qc1 Qf2 39. Nf4+ Kf7 40.
Qc7+ Ne7 41. Qc1 g5 42. Nd3 Qg3 43. Qd1 Nf5 44. Qc2 Ne3 45. Qe2 g4 46. Qf2+
Qxf2 47. Nxf2 gxh3 48. gxh3 Nc2 49. Nd3 Nd4 50. Nc5 Kg6 51. Kg2 Kf5 52. Kg3
Kxe5 53. Kg4 Kd6 54. Nb7+ Kc7 55. Nc5 Kc6 56. Nd3 Nxb3 57. h4 Nd4 58. h5 h6 59.
Ne5+ Kc5 60. Nf7 b3 61. Nxh6 b2 62. Nf7 b1=Q 63. h6 Qg6+ 64. Kh4 Qxf7 65. Kg5
Nf5 66. Kg4 Nxh6+ 67. Kg5 Nf5 68. Kg4 Nh6+ 0-1

[Event "DVM U12 2012"]
[Site "Verden/Aller GER"]
[Date "2012.12.30"]
[Round "7"]
[White "Guckes, Fabian"]
[Black "Herbert, Fabian"]
[Result "0-1"]
[Termination "normal"]
[Board "9.2"]
[WhiteElo "1321"]
[BlackElo "1092"]
[WhiteTeam "SV Worms 1878"]
[BlackTeam "Sfr. Schöneck"]
[WhiteFideId "1271995"]
[BlackFideId "12940402"]
[EventCountry "GER"]
[EventRounds "7"]
[EventType "team-swiss"]
[EventDate "2012.12.26"]

1. e4 e5 2. Nf3 Nc6 3. Bc4 Nf6 4. Ng5 d5 5. exd5 Na5 6. Bb5+ Bd7 7. Bd3 h6 8.
Ne4 Nxd5 9. Qh5 Nc6 10. Bc4 Be6 11. d3 Be7 12. Nbc3 Qd7 13. Nxd5 Bxd5 14. Bxd5
Qxd5 15. f4 O-O 16. O-O exf4 17. Qxd5 0-1

[Event "DVM U12 2012"]
[Site "Verden/Aller GER"]
[Date "2012.12.30"]
[Round "7"]
[White "Timpel, Kaan"]
[Black "Faal, Marcel"]
[Result "0-1"]
[Termination "normal"]
[Board "9.3"]
[WhiteElo "939"]
[BlackElo "1261"]
[WhiteTeam "Sfr. Schöneck"]
[BlackTeam "SV Worms 1878"]
[WhiteFideId "12983683"]
[BlackFideId "1271978"]
[EventCountry "GER"]
[EventRounds "7"]
[EventType "team-swiss"]
[EventDate "2012.12.26"]

1. e4 c5 2. Bc4 e6 3. Nc3 Nc6 4. Nf3 Nf6 5. d3 d5 6. Bb3 Be7 7. Bg5 dxe4 8.
Nxe4 Nxe4 9. Bxe7 Qxe7 10. dxe4 O-O 11. O-O Rd8 12. Qe2 Nd4 13. Nxd4 cxd4 14.
Rad1 e5 15. Rd3 h6 16. Rfd1 b6 17. Qh5 Rf8 18. c3 Ba6 19. R3d2 dxc3 20. bxc3
Bb7 21. Bd5 Bxd5 22. Rxd5 Rad8 23. h3 Rxd5 24. Rxd5 f6 25. Qd1 Rc8 26. Qb3 Kh7
27. a3 Rd8 28. c4 Rc8 29. Qd3 Qc7 30. Rd7 Qxc4 31. Qxc4 Rxc4 32. Rxa7 Rxe4 33.
Rb7 Re1+ 34. Kh2 Ra1 35. Rxb6 Rxa3 36. h4 Ra2 37. f3 Ra4 38. Kg3 Kg6 39. Rb7
Ra8 40. Kg4 h5+ 41. Kg3 Rf8 42. Rb6 Kh6 43. Re6 g5 44. Kh3 Kg6 45. Kg3 Kf5 46.
Re7 Rg8 47. Kh3 gxh4 48. Rh7 Kg5 49. g4 hxg3 0-1

[Event "DVM U12 2012"]
[Site "Verden/Aller GER"]
[Date "2012.12.30"]
[Round "7"]
[White "Rätzke von Stoyentin, Steffen"]
[Black "Stirner, Christof"]
[Result "1-0"]
[Termination "normal"]
[Board "10.1"]
[WhiteElo "1754"]
[BlackElo "1451"]
[WhiteTeam "SC Aurich"]
[BlackTeam "SR Spaichingen"]
[WhiteFideId "12907502"]
[BlackFideId "16200837"]
[EventCountry "GER"]
[EventRounds "7"]
[EventType "team-swiss"]
[EventDate "2012.12.26"]

1. d4 Nf6 2. c4 e6 3. Nc3 d5 4. cxd5 exd5 5. Bg5 Be6 6. e3 Nbd7 7. Bd3 h6 8.
Bh4 Bb4 9. Qc2 Qe7 10. Nge2 Ba5 11. a3 c6 12. b4 Bb6 13. h3 a5 14. Qa4 O-O 15.
Qd1 axb4 16. axb4 Rxa1 17. Qxa1 Qxb4 18. O-O Qe7 19. Rb1 Rc8 20. Kh1 Qd8 21. f4
Rb8 22. f5 Qe7 23. fxe6 Qxe6 24. Bf2 Bc7 25. Qa7 Qe8 26. Qa3 Ra8 27. Qb2 b5 28.
Na2 Rc8 29. Qd2 Bd6 30. Bg3 Qe7 31. Bxd6 Qxd6 32. Bf5 Rc7 33. Bxd7 Ne4 34. Qb4
Qxd7 35. Kg1 Qf5 36. Rf1 Qd7 37. Nac1 Qe7 38. Qxe7 Rxe7 39. Nb3 Ng5 40. Kf2
Ne4+ 41. Ke1 Ng5 42. Kd2 f6 43. Kd3 Ne6 44. Nf4 Nd8 45. Ra1 Kf8 46. Ng6+ Kf7
47. Nxe7 Kxe7 48. Ra7+ Kf8 49. Na5 g5 50. Rc7 Nf7 51. Nxc6 Nd6 52. Nb4 Ne8 53.
Ra7 h5 54. Nxd5 h4 55. Nc7 Nd6 56. Ra6 Ke7 57. Nd5+ Ke6 58. Rxd6+ Kxd6 59. Nxf6
Ke6 60. Ne4 Kf5 61. Nd6+ Ke6 62. Nxb5 Kd5 63. e4+ Ke6 64. d5+ Ke7 65. e5 Kd7
66. e6+ Ke7 67. Nd4 Ke8 68. d6 Kd8 69. Nc6+ Ke8 70. d7+ Kf8 71. d8=Q+ Kg7 72.
Qxg5+ Kf8 73. Qf6+ 1-0

[Event "DVM U12 2012"]
[Site "Verden/Aller GER"]
[Date "2012.12.30"]
[Round "7"]
[White "Molitor, Marwin"]
[Black "Neumann, Tiemon"]
[Result "0-1"]
[Termination "normal"]
[Board "10.2"]
[WhiteElo "1285"]
[BlackElo "1729"]
[WhiteTeam "SR Spaichingen"]
[BlackTeam "SC Aurich"]
[WhiteFideId "16200853"]
[BlackFideId "12925462"]
[EventCountry "GER"]
[EventRounds "7"]
[EventType "team-swiss"]
[EventDate "2012.12.26"]

1. e4 e5 2. Nf3 Nc6 3. Bb5 Nd4 4. Ba4 Bc5 5. Nc3 Nf6 6. d3 Qe7 7. Bg5 c6 8. Bb3
d6 9. O-O Bg4 10. Kh1 Nxf3 11. gxf3 Bh3 12. Re1 h6 13. Be3 Bxe3 14. fxe3 Nd7
15. Rg1 g5 16. Rg3 Be6 17. d4 O-O-O 18. d5 cxd5 19. exd5 Bf5 20. e4 Bg6 21. Qd3
Nc5 22. Qc4 Kb8 23. Ba4 Rde8 24. Qe2 f5 25. Qf2 Nxa4 26. Nxa4 Rhf8 27. Nc3 fxe4
28. Nb5 b6 29. Nc3 exf3 30. Rxf3 Rxf3 31. Qxf3 Rf8 32. Qe3 Qf7 33. Qe2 Kb7 34.
Nb5 Qf6 35. a4 a6 36. Nc3 Qf4 37. a5 Qf3+ 38. Kg1 Qxe2 39. Nxe2 Bxc2 40. axb6
Kxb6 41. Rc1 Bb3 42. Nc3 Rc8 43. Na4+ Kb7 44. Nc3 Bxd5 45. Rd1 Bb3 46. Rxd6 Rc6
47. Rd7+ Kb6 48. Rd8 Kc7 49. Re8 Re6 50. Rh8 Bc2 51. Rg8 Bb3 52. Rg7+ 0-1

[Event "DVM U12 2012"]
[Site "Verden/Aller GER"]
[Date "2012.12.30"]
[Round "7"]
[White "Wessels, Julian"]
[Black "Zetto, Lukas"]
[Result "0-1"]
[Termination "normal"]
[Board "10.3"]
[WhiteElo "1299"]
[BlackElo "1204"]
[WhiteTeam "SC Aurich"]
[BlackTeam "SR Spaichingen"]
[WhiteFideId "12930520"]
[BlackFideId "16261747"]
[EventCountry "GER"]
[EventRounds "7"]
[EventType "team-swiss"]
[EventDate "2012.12.26"]

1. e4 e6 2. d4 d5 3. exd5 exd5 4. Nf3 Bd6 5. g3 Be6 6. Bg2 Nf6 7. Nc3 Nc6 8. a3
Qd7 9. Ng5 O-O-O 10. O-O h5 11. Nxe6 Qxe6 12. Bg5 Be7 13. Ne2 Qg4 14. Bxf6 Bxf6
15. Nf4 Qxd1 16. Rfxd1 Ne7 17. b4 g5 18. Ne2 g4 19. Nc3 h4 20. Na2 Bg5 21. Re1
f5 22. Re5 Rhg8 23. Nc3 Bf6 24. Re6 Rg6 25. Ne2 Bg5 26. Rxg6 Nxg6 27. Nc3 c6
28. Rd1 f4 29. Ne2 f3 30. Nf4 Bxf4 31. gxf4 fxg2 32. Kxg2 Nxf4+ 33. Kf1 Re8 34.
Rd2 Kc7 35. a4 Kb6 36. c3 a5 37. Rb2 Nd3 38. Rb1 Rf8 39. Ke2 Nxf2 40. Rf1 g3
41. hxg3 hxg3 42. Rg1 Ne4 43. Kd3 Rf3+ 44. Ke2 Rxc3 45. bxa5+ Kxa5 46. Rg2 Kxa4
0-1

[Event "DVM U12 2012"]
[Site "Verden/Aller GER"]
[Date "2012.12.30"]
[Round "7"]
[White "Schrägle, Thorsten"]
[Black "Ufkes, Thilo"]
[Result "1-0"]
[Termination "normal"]
[Board "10.4"]
[WhiteElo "1155"]
[BlackElo "895"]
[WhiteTeam "SR Spaichingen"]
[BlackTeam "SC Aurich"]
[WhiteFideId "16224248"]
[BlackFideId "12928755"]
[EventCountry "GER"]
[EventRounds "7"]
[EventType "team-swiss"]
[EventDate "2012.12.26"]

1. e4 c5 2. g3 Nc6 3. Bg2 g6 4. d3 Bg7 5. Be3 Bxb2 6. Nd2 Bxa1 7. Qxa1 f6 8.
Bxc5 d6 9. Be3 e5 10. Ne2 Be6 11. O-O Nb4 12. Qb2 Nc6 13. Qxb7 Qc8 14. Qg7 Nge7
15. Qxh8+ Kf7 16. Qxc8 Rxc8 17. a3 a6 18. Rb1 Nd8 19. Rb6 Rc6 20. f4 exf4 21.
Nxf4 g5 22. Nxe6 Nxe6 23. e5 Rxb6 24. Bxb6 dxe5 25. c4 Nc8 26. c5 h6 27. Bb7
Nxb6 28. cxb6 Nd8 29. Bxa6 Nc6 30. Bc8 Ke7 31. Ne4 Kd8 32. b7 Nb8 33. a4 Kc7
34. Nxf6 Kd8 35. Ng8 h5 36. Nf6 h4 37. gxh4 gxh4 38. Kg2 Ke7 39. Ng4 Kd6 40.
Kh3 Kd5 41. Kxh4 Kd4 42. Kg5 Kxd3 43. Nxe5+ Kc3 44. Nd7 Na6 45. b8=Q Nxb8 46.
Nxb8 Kb4 1-0